000 00378nam a2200145 i 4500
001 70320
003 ES-MaACL
005 20230906170803.0
007 t|
008 040721s1907 sp ||||1| spa d
100 1 _aGarcía Romero, Julio.
_955221
245 1 3 _aLa vida orgánica /
_cJulio García Romero.
260 _aCáceres :
_b[s.n.,
_c1907]
852 _aES-MaACL
_jT-1166-F-3
999 _c70320
_d70320